| 000 | 006910000a22002290004500 | ||
|---|---|---|---|
| 003 | LK-CoMWRAF | ||
| 005 | 20231030113443.0 | ||
| 008 | 230817t1992 ||||| |||| 00| 0 eng d | ||
| 020 | _a8120203607 | ||
| 040 |
_aLK-CoMWRAF _dLK-CoMWRAF _eLK-CoMWRAF |
||
| 041 | _aeng | ||
| 082 |
_a954.2 _bPOL |
||
| 245 |
_aPolitics of confrontation: _bthe Babri-Masjid Ramjanmabhoomi Controversy runs riot |
||
| 260 |
_aDelhi: _bAjanta, _c1992 |
||
| 300 |
_axxiii, 477 p. ; 23 cm. _bIndex included |
||
| 650 | _aCOMMUNALISM | ||
| 650 | _aHindus-India | ||
| 650 | _aMuslims-India | ||
| 650 | _aAyodhya (Faizabad, India)-Politics and government. | ||
| 700 |
_aEngineer, Asghar Ali _eed. |
||
| 942 | _cBK | ||
| 999 |
_c1448 _d1448 |
||